000 00351nam a2200145 i 4500
001 bg
100 1 _aWOJTAŚ, Ryszard
245 0 _aPowłoki ochronne /
_cR. Wojtaś, Z. Wójcikiewicz.
260 _aKielce,
_c1985.
700 1 _aWÓJCIKIEWICZ, Zbigniew
040 _cBPK
041 _apol
942 _cKS
008 s pl f |000 0 pol
999 _c2702
_d2702
856 _uhttp://koha.tu.koszalin.pl/cgi-bin/koha/opac-detail.pl?biblionumber=2702
_yKatalog online BPK